Soldier Soldier characters Series 1-5 Quiz Stats

 Plays Quiz not verified by Sporcle

Also try: A-Team Intro
Challenge
Share
Tweet
Embed
Score 0/22 Timer 10:00
0 Plays Today
Rank Character Name % Correct
Fusilier/Lance CorporalDave Tucker
98.1%
Wife of FusilierDonna Tucker
98.1%
Lance Corporal/Corporal/A/SgtPaddy Garvey
96.3%
Wife of SergeantJoy Wilton
92.6%
Corporal/SergeantTony Wilton
90.7%
Corporal/SergeantNancy Garvey
83.3%
CSM/RSM/LieutenantMichael Stubbs
72.2%
Wife of CSMMarsha Stubbs
72.2%
Lt ColDan Fortune
59.3%
Lieutenant/CaptainKate Butler
53.7%
Colour SergeantIan Anderson
46.3%
Rank Character Name % Correct
CSMChick Henwood
42.6%
MajorTom Cadman
42.6%
FusilierJoe Farrell
40.7%
Wife of Colour SergeantCarol Anderson
40.7%
Wife of MajorLaura Cadman
40.7%
Lt ColNick Hammond
31.5%
Wife of Lt ColRachel Elliot
31.5%
Lt ColIan Jennings
31.5%
MajorTim Radley
27.8%
Wife of MajorSandra Radley
27.8%
Captain/MajorKerian Voce
20.4%

You're not logged in!

Compare scores with friends on all Sporcle quizzes.
OR
Log In

You Might Also Like...

Show Comments

Extras

Created Nov 29, 2009ReportNominate
Tags:1-5, character, soldier

Top Quizzes Today


Score Distribution

Your Account Isn't Verified!

In order to create a playlist on Sporcle, you need to verify the email address you used during registration. Go to your Sporcle Settings to finish the process.

Report this User

Report this user for behavior that violates our Community Guidelines.

Details: